000 00641cam a22001812a 4500
001 009832
003 AR-FADEU
008 311216n1961####xxu####################dd
092 _a861.3
_bF635
_eBLYNK
100 _aFrattoni, Oreste
245 _aLa forma en góngora : y otros ensayos
260 _aRosario
260 _bUniversidad Nacional del Litoral. Facultad de Filosofía y Letras. Instituto de Letras
260 _c1961
300 _a145 p
650 _aGONGORA, LUIS DE; CERVANTES SAAVEDRA, MIGUEL DE ; LITERATURA ESPAÑOLA; CRITICA LITERARIA; POESIA-ESPAÑA-SIGLO DE ORO; NOVELAS-ESPAÑA-SIGLO DE ORO/BLYNK/
942 _cBLYNK
999 _c15628
_d15628